000
00216 a2200097 4500
001
13739
100
_a
Sykes, L
245
_a
Double - Decker - C-666
260
_a
London
_b
John & Kmilton Ltd
_c
090
_c
10734
_d
10734
942
_a
NUST-CAE
_c
M
_c
819
999
_c
248812
_d
248812